000 00503 a2200157 4500
999 _c5542
_d5542
020 _a0442301774.
050 0 0 _aTJ 260 COR 1977
100 1 _aCornwell, Keith
_eauthor
245 1 4 _aThe flow of heat /
_cKeith Cornwell
264 _aNew York:
_bVan Nostrand Reinhold Company,
_c1977
300 _a245 p. :
_bill. ;
500 _aIncludes bibliographical references and index.
504 _aIncludes bibliographical references and index.
650 0 _aHeat
_xTransmission.
942 _2lcc
_cBK
_h260
_iCON
_kTJ